Online
Catalog

Estructura del presupuesto nacional y su impacto en la población vulnerable : (Record no. 5402)

MARC details
000 -CABECERA
campo de control de longitud fija 00957nam a2200217 a 4500
001 - NÚMERO DE CONTROL
campo de control 000005603
005 - FECHA Y HORA DE LA ÚLTIMA TRANSACCIÓN
campo de control 20200929151724.0
008 - DATOS DE LONGITUD FIJA--INFORMACIÓN GENERAL
campo de control de longitud fija 090820s2004 dr 000 0 spa d
040 ## - FUENTE DE LA CATALOGACIÓN
Centro catalogador/agencia de origen DO-SdBNP
Lengua de catalogación spa
Centro/agencia transcriptor BNPHU
082 ## - NÚMERO DE LA CLASIFICACIÓN DECIMAL DEWEY
Número de clasificación xxxx
Número de documento/Ítem S237e
100 1# - ENTRADA PRINCIPAL--NOMBRE DE PERSONA
Nombre de persona Santos Reyes, Felipe
9 (RLIN) 15813
245 10 - MENCIÓN DE TÍTULO
Título Estructura del presupuesto nacional y su impacto en la población vulnerable :
Resto del título República Dominicana /
Mención de responsabilidad, etc. Felipe Santos Reyes ; colaboración Valentín Melenciano, Luis José Santos Burgos y Franklin Díaz ; edición José Luis Soto.
260 ## - PUBLICACIÓN, DISTRIBUCIÓN, ETC.
Lugar de publicación, distribución, etc. Santo Domingo :
Nombre del editor, distribuidor, etc. Centro de Estudios Sociales P. Juan Montalvo,
Fecha de publicación, distribución, etc. 2004.
300 ## - DESCRIPCIÓN FÍSICA
Extensión 93 p. ;
Dimensiones 22 cm.
504 ## - NOTA DE BIBLIOGRAFÍA, ETC.
Nota de bibliografía, etc. Incluye referencias bibliográficas y notas al pie de las páginas
504 ## - NOTA DE BIBLIOGRAFÍA, ETC.
Nota de bibliografía, etc. Bibliografía : p. 89-93
700 1# - PUNTO DE ACCESO ADICIONAL--NOMBRE DE PERSONA
Nombre de persona Melenciano, Valentín,
Término indicativo de función/relación col.
9 (RLIN) 15814
700 1# - PUNTO DE ACCESO ADICIONAL--NOMBRE DE PERSONA
Nombre de persona Santos Burgos, Luis José,
Término indicativo de función/relación col.
9 (RLIN) 15815
700 1# - PUNTO DE ACCESO ADICIONAL--NOMBRE DE PERSONA
Nombre de persona Díaz, Franklin,
Término indicativo de función/relación col.
9 (RLIN) 15816
700 1# - PUNTO DE ACCESO ADICIONAL--NOMBRE DE PERSONA
Nombre de persona Soto, José Luis,
Término indicativo de función/relación ed.
9 (RLIN) 15817
Holdings
Estado de retiro Estado de pérdida Restricciones de uso No para préstamo Código de colección Localización permanente Ubicación/localización actual Ubicación en estantería Fecha de adquisición Número de inventario Total de préstamos Signatura topográfica completa Código de barras Fecha visto por última vez Número de copia Precio válido a partir de Tipo de ítem Koha
        Dominicana de Servicio General General Depósito 20.08.2009 LF1   xxxx S237e 5603-30 25.06.2020 e. 3 25.06.2020 Libro y Folleto Colección Dominicana de Servicio
        Dominicana de Servicio General General Depósito 20.08.2009 LF1   xxxx S237e 5603-40 25.06.2020 e. 4 25.06.2020 Libro y Folleto Colección Dominicana de Servicio
        Dominicana de Servicio General General Depósito 20.08.2009 LF1   xxxx S237e 5603-50 25.06.2020 e. 5 25.06.2020 Libro y Folleto Colección Dominicana de Servicio
      Excluido de préstamo Patrimonio Dominicano Patrimonio Dominicano Patrimonio Dominicano Depósito 20.08.2009 LF1   xxxx S237e 5603-10 25.06.2020   25.06.2020 Libro y Folleto Colección Patrimonio Dominicano
      Excluido de préstamo Patrimonio Dominicano Patrimonio Dominicano Patrimonio Dominicano Depósito 20.08.2009 LF1   xxxx S237e 5603-20 25.06.2020 e. 2 25.06.2020 Libro y Folleto Colección Patrimonio Dominicano

Powered by Koha